[Event "HUN-chT2 Asztalos 1819"]
[Site "Hungary"]
[Date "2018.11.18"]
[Round "2.4"]
[White "Javor, Sandor"]
[Black "Varga, Zsolt"]
[Result "1-0"]
[WhiteElo "2096"]
[BlackElo "1955"]
[PlyCount "103"]
[EventDate "2018.10.28"]
[EventType "team-tourn"]
[EventRounds "9"]
[EventCountry "HUN"]
[SourceTitle "CBM 189 Extra"]
[Source "ChessBase"]
[SourceDate "2019.06.03"]
[SourceVersion "1"]
[SourceVersionDate "2019.06.03"]
[SourceQuality "1"]
[WhiteTeam "Baja Spartacus"]
[BlackTeam "Karmin"]
[WhiteTeamCountry "HUN"]
[BlackTeamCountry "HUN"]

1. f4 d5 2. Nf3 Nf6 3. d4 Bf5 4. e3 e6 5. c4 Bb4+ 6. Nc3 Bxc3+ 7. bxc3 0-0 8. Ba3 Re8 9. Qb3 Nbd7 10. Be2 Ng4 11. Bc1 b6 12. 0-0 Be4 13. Ng5 Nh6 14. Nxe4 dxe4 15. Bd2 f5 16. Rad1 a5 17. Bc1 a4 18. Qc2 Qh4 19. g3 Qe7 20. Rf2 a3 21. Rg2 Ra5 22. g4 fxg4 23. Bxg4 Nxg4 24. Rxg4 Nf6 25. Rg2 Kh8 26. Kh1 Qf7 27. Rdg1 Rg8 28. Rg5 Rf5 29. Bxa3 h6 30. Rg6 h5 31. R6g3 Ra5 32. Bb4 Rf5 33. c5 b5 34. h3 Qd7 35. Qg2 c6 36. a3 Qf7 37. Ba5 Kh7 38. Bb6 g6 39. Ba5 h4 40. Rg5 Nh5 41. Qg4 Rxg5 42. Qxg5 Ng3+ 43. Kh2 Nf5 44. Qg2 Ng3 45. c4 bxc4 46. Be1 g5 47. Bxg3 hxg3+ 48. Qxg3 Qh5 49. fxg5 c3 50. Qc7+ Kh8 51. Qe5+ Rg7 52. Rg2 1-0

[Event "HUN-chT2 Asztalos 1617"]
[Site "Hungary"]
[Date "2017.03.12"]
[Round "10.6"]
[White "Javor, Sandor"]
[Black "Kadlicsko, Jozsef"]
[Result "0-1"]
[WhiteElo "2164"]
[BlackElo "2122"]
[PlyCount "76"]
[EventDate "2016.09.25"]
[EventType "team-tourn"]
[EventRounds "11"]
[EventCountry "HUN"]
[SourceTitle "EXT 2021"]
[Source "ChessBase"]
[SourceDate "2020.10.23"]
[SourceVersion "1"]
[SourceVersionDate "2020.10.23"]
[SourceQuality "1"]
[WhiteTeam "Baja"]
[BlackTeam "Fehervar"]
[WhiteTeamCountry "HUN"]
[BlackTeamCountry "HUN"]

1. d4 d5 2. e3 Nf6 3. Bd3 e6 4. f4 c5 5. c3 Nc6 6. Nd2 Qb6 7. Qf3 Bd7 8. Nh3 0-0-0 9. a3 h5 10. b4 c4 11. Bc2 Ng4 12. Ng5 Be8 13. h3 Nh6 14. Qf2 Bd7 15. e4 f6 16. Ngf3 Bd6 17. e5 Be7 18. Nf1 fxe5 19. fxe5 Rdf8 20. Bg6 Nf5 21. Ne3 Nh4 22. Bc2 Nxf3+ 23. gxf3 Nxd4 24. cxd4 Qxd4 25. Nf5 Qxf2+ 26. Kxf2 exf5 27. Be3 a6 28. f4 Rhg8 29. h4 Kc7 30. Bd1 g6 31. Bf3 Be6 32. Rad1 Rd8 33. Bd4 Kc6 34. Kg3 b5 35. Rh2 Ra8 36. Rhd2 Rgd8 37. Bc3 a5 38. bxa5 Bxa3 0-1

[Event "HUN-chT2 Asztalos 1617"]
[Site "Hungary"]
[Date "2016.11.13"]
[Round "4.6"]
[White "Javor, Sandor"]
[Black "Horvath, Jozsef3333"]
[Result "1-0"]
[WhiteElo "2164"]
[BlackElo "1869"]
[PlyCount "63"]
[EventDate "2016.09.25"]
[EventType "team-tourn"]
[EventRounds "11"]
[EventCountry "HUN"]
[SourceTitle "EXT 2021"]
[Source "ChessBase"]
[SourceDate "2020.10.23"]
[SourceVersion "1"]
[SourceVersionDate "2020.10.23"]
[SourceQuality "1"]
[WhiteTeam "Baja"]
[BlackTeam "Marcali"]
[WhiteTeamCountry "HUN"]
[BlackTeamCountry "HUN"]

1. e4 d6 2. f4 g6 3. Nf3 Bg7 4. c4 Nf6 5. d3 0-0 6. Nc3 c5 7. Be2 Nc6 8. 0-0 a6 9. a4 Qc7 10. h3 Bd7 11. Be3 b6 12. d4 cxd4 13. Nxd4 Nxd4 14. Bxd4 e5 15. fxe5 dxe5 16. Be3 Be6 17. Nd5 Nxd5 18. cxd5 Bd7 19. Qb3 Rfb8 20. d6 Qc6 21. Rxf7 Kh8 22. Raf1 Qxa4 23. Qxa4 Bxa4 24. Bg5 Bb3 25. Rc7 h6 26. Be7 Bf8 27. Bf6+ Kg8 28. Bxe5 Rc8 29. Rxc8 Rxc8 30. Bxa6 Re8 31. d7 Rd8 32. Bb5 1-0

[Event "HUN-chT2 Asztalos 1617"]
[Site "Hungary"]
[Date "2016.10.30"]
[Round "3.4"]
[White "Thurmer, Jeno"]
[Black "Javor, Sandor"]
[Result "1/2-1/2"]
[WhiteElo "2020"]
[BlackElo "2164"]
[PlyCount "64"]
[EventDate "2016.09.25"]
[EventType "team-tourn"]
[EventRounds "11"]
[EventCountry "HUN"]
[SourceTitle "EXT 2021"]
[Source "ChessBase"]
[SourceDate "2020.10.23"]
[SourceVersion "1"]
[SourceVersionDate "2020.10.23"]
[SourceQuality "1"]
[WhiteTeam "Komlo Banyasz II"]
[BlackTeam "Baja"]
[WhiteTeamCountry "HUN"]
[BlackTeamCountry "HUN"]

1. d4 d5 2. c4 e6 3. Nc3 c6 4. e4 dxe4 5. Nxe4 Nf6 6. Nxf6+ Qxf6 7. Nf3 Nd7 8. Bd3 h6 9. 0-0 Bd6 10. Qe2 Nf8 11. Bd2 Ng6 12. g3 0-0 13. Bc3 Re8 14. Ne5 Bxe5 15. dxe5 Qe7 16. Bxg6 fxg6 17. Rad1 Kh7 18. Rd6 c5 19. Qd3 b6 20. h4 h5 21. Rd1 Qf7 22. Bd2 Rf8 23. Bf4 Rb8 24. Qa3 Rb7 25. Qa4 Rc7 26. R1d2 Qf5 27. Qc2 Qh3 28. f3 Rxf4 29. gxf4 Qg3+ 30. Rg2 Qe1+ 31. Kh2 Qxh4+ 32. Kg1 Qe1+ 1/2-1/2

[Event "HUN-chT2 Asztalos 1516"]
[Site "Hungary"]
[Date "2015.10.18"]
[Round "3.5"]
[White "Javor, Sandor"]
[Black "Varga, Zsolt"]
[Result "1-0"]
[WhiteElo "2185"]
[BlackElo "2006"]
[PlyCount "109"]
[EventDate "2015.09.13"]
[EventType "team-tourn"]
[EventRounds "11"]
[EventCountry "HUN"]
[SourceTitle "CBM 170 Extra"]
[Source "ChessBase"]
[SourceDate "2016.02.25"]
[SourceVersion "1"]
[SourceVersionDate "2016.02.25"]
[SourceQuality "1"]
[WhiteTeam "Baja Spartacus"]
[BlackTeam "Pecs Karmin"]
[WhiteTeamCountry "HUN"]
[BlackTeamCountry "HUN"]

1. f4 d5 2. Nf3 Nf6 3. e3 g6 4. d4 c6 5. Bd3 e6 6. Nbd2 Bg7 7. Ne5 Nbd7 8. 0-0 0-0 9. Qf3 Nxe5 10. fxe5 Nd7 11. b3 f5 12. Rf2 Rf7 13. c4 Nf8 14. Bb2 Bh6 15. Raf1 Bd7 16. Kh1 Qh4 17. g3 Qh3 18. e4 Bxd2 19. Rxd2 dxe4 20. Bxe4 Be8 21. Qg2 Qh6 22. Bf3 g5 23. Bc1 Qg7 24. Bh5 Rc7 25. Bxe8 Rxe8 26. Ba3 Ng6 27. Bd6 Rd7 28. Qh3 h6 29. b4 Kh7 30. Qh5 Red8 31. Qf3 Ne7 32. h4 g4 33. Qb3 Nc8 34. c5 Qg6 35. b5 Ne7 36. Bxe7 Rxe7 37. bxc6 bxc6 38. Qa4 Rc7 39. Rb2 Rdd7 40. Rb8 Rf7 41. Rf4 Qg7 42. Qb3 Rfe7 43. a4 Qf7 44. Qc2 Kg7 45. Qg2 Re8 46. Rb4 Qd7 47. a5 Rec8 48. a6 Qe7 49. Rf2 Rd8 50. Rfb2 Rdd7 51. R2b3 Qe8 52. Rb7 Kg6 53. R3b4 Qc8 54. Qa2 Re7 55. Qb3 1-0

[Event "HUN-chT2 Asztalos 1415"]
[Site "Hungary"]
[Date "2014.11.30"]
[Round "3.5"]
[White "Katona, Ferenc Jr"]
[Black "Javor, Sandor"]
[Result "0-1"]
[WhiteElo "1966"]
[BlackElo "2166"]
[PlyCount "64"]
[EventDate "2014.10.12"]
[EventType "team-tourn"]
[EventRounds "9"]
[EventCountry "HUN"]
[SourceTitle "EXT 2016"]
[Source "ChessBase"]
[SourceDate "2015.10.08"]
[SourceVersion "1"]
[SourceVersionDate "2015.10.08"]
[SourceQuality "1"]
[WhiteTeam "Dunaujvaros"]
[BlackTeam "Baja Spartacus"]
[WhiteTeamCountry "HUN"]
[BlackTeamCountry "HUN"]

1. d4 f5 2. f4 Nf6 3. Nf3 d5 4. e3 e6 5. c4 b6 6. Be2 Bd6 7. 0-0 0-0 8. Nc3 Bb7 9. Ne5 c5 10. Bf3 Ne4 11. cxd5 exd5 12. Qb3 c4 13. Qc2 Nxc3 14. bxc3 Qc7 15. g4 Nd7 16. Nxd7 Qxd7 17. gxf5 Qxf5 18. Qxf5 Rxf5 19. Bd2 Raf8 20. Rf2 Bc6 21. Re1 Kf7 22. Bg2 b5 23. Rb1 Rb8 24. Be1 Rh5 25. Rf3 Rh6 26. Rf2 Re6 27. Bd2 a5 28. Kf1 Re7 29. Ke1 b4 30. cxb4 axb4 31. Bf1 Ra7 32. Bc1 Rba8 0-1

[Event "HUN-chT2 Asztalos 1314"]
[Site "Hungary"]
[Date "2014.03.23"]
[Round "7"]
[White "Csernyiczky, Laszlo"]
[Black "Javor, Sandor"]
[Result "0-1"]
[WhiteElo "2012"]
[BlackElo "2162"]
[PlyCount "72"]
[EventDate "2013.09.08"]
[EventType "team-tourn"]
[EventRounds "9"]
[EventCountry "HUN"]
[SourceTitle "EXT 2016"]
[Source "ChessBase"]
[SourceDate "2015.10.08"]
[SourceVersion "1"]
[SourceVersionDate "2015.10.08"]
[SourceQuality "1"]
[WhiteTeam "Kiraly Sakk"]
[BlackTeam "Baja"]
[WhiteTeamCountry "HUN"]
[BlackTeamCountry "HUN"]

1. e4 d6 2. d4 g6 3. Nc3 Bg7 4. Bc4 c6 5. a4 e6 6. Nge2 d5 7. Bb3 b6 8. Be3 dxe4 9. Nxe4 Nf6 10. N2g3 Nxe4 11. Nxe4 Bb7 12. Qf3 0-0 13. 0-0 Na6 14. Rad1 h6 15. Qh3 Bc8 16. Bxh6 e5 17. g4 exd4 18. Bxg7 Kxg7 19. Qg3 Qc7 20. Nd6 Bxg4 21. Rxd4 Rad8 22. Re1 c5 23. Qe5+ f6 24. Qe7+ Qxe7 25. Rxe7+ Kh6 26. Rxg4 Rxd6 27. f4 g5 28. f5 Rd1+ 29. Kg2 Rd2+ 30. Kg3 Rd1 31. Kf3 Rf1+ 32. Kg2 Rxf5 33. Bc4 Nb4 34. c3 Nc6 35. Rc7 Ne5 36. Be6 Nxg4 0-1

[Event "HUN-chT2 Asztalos 1314"]
[Site "Hungary"]
[Date "2014.02.16"]
[Round "5"]
[White "Szabo, Kristof"]
[Black "Javor, Sandor"]
[Result "0-1"]
[WhiteElo "2056"]
[BlackElo "2162"]
[PlyCount "66"]
[EventDate "2013.09.08"]
[EventType "team-tourn"]
[EventRounds "9"]
[EventCountry "HUN"]
[SourceTitle "EXT 2016"]
[Source "ChessBase"]
[SourceDate "2015.10.08"]
[SourceVersion "1"]
[SourceVersionDate "2015.10.08"]
[SourceQuality "1"]
[WhiteTeam "Fehervar"]
[BlackTeam "Baja"]
[WhiteTeamCountry "HUN"]
[BlackTeamCountry "HUN"]

1. d4 d5 2. Nc3 f5 3. f4 e6 4. Nf3 c5 5. e3 a6 6. Ne5 Nf6 7. Be2 Be7 8. 0-0 0-0 9. Na4 c4 10. g4 Ne4 11. Bd2 g6 12. b4 Nd7 13. Bf3 Nxe5 14. dxe5 Bd7 15. Bxe4 Bxa4 16. Bf3 Qb6 17. Kg2 Rac8 18. Rb1 c3 19. Bc1 Rfd8 20. gxf5 exf5 21. Rf2 d4 22. exd4 Rxd4 23. Qe1 Rxb4 24. Bd5+ Kg7 25. Rxb4 Qxb4 26. e6 Bc6 27. Bxc6 Rxc6 28. Qe5+ Bf6 29. Qd5 Qe4+ 30. Qxe4 fxe4 31. f5 gxf5 32. Rxf5 Rxe6 33. Rd5 e3 0-1

[Event "HUN-chT2 Asztalos 1112"]
[Site "Hungary"]
[Date "2012.01.29"]
[Round "5.1"]
[White "Arato, Bela"]
[Black "Javor, Sandor"]
[Result "1/2-1/2"]
[WhiteElo "2122"]
[BlackElo "2264"]
[PlyCount "96"]
[EventDate "2011.09.25"]
[EventType "team-tourn"]
[EventRounds "11"]
[EventCountry "HUN"]
[SourceTitle "EXT 2013"]
[Source "ChessBase"]
[SourceDate "2012.11.22"]
[SourceVersion "1"]
[SourceVersionDate "2012.11.22"]
[SourceQuality "1"]
[WhiteTeam "Mohacs"]
[BlackTeam "Baja"]
[WhiteTeamCountry "HUN"]
[BlackTeamCountry "HUN"]

1. e4 e5 2. Nf3 Nc6 3. Bb5 a6 4. Ba4 Nf6 5. d4 Nxe4 6. 0-0 Be7 7. Re1 d5 8. Nxe5 Bd7 9. Nxf7 Kxf7 10. Qh5+ Kf8 11. Nc3 Nf6 12. Qh4 Na5 13. Bg5 b5 14. Bb3 Nxb3 15. axb3 h6 16. Rxe7 Qxe7 17. Nxd5 Qe4 18. Nxf6 Qxh4 19. Nxd7+ Ke8 20. Nf6+ gxf6 21. Bxh4 Kf7 22. f3 Rhe8 23. Re1 Rxe1+ 24. Bxe1 Ke6 25. g4 Kd5 26. Kf2 f5 27. Bd2 fxg4 28. fxg4 Rf8+ 29. Kg3 Rf6 30. h4 Ke4 31. h5 c6 32. Kh4 Rd6 33. g5 hxg5+ 34. Kxg5 Rd5+ 35. Kg6 Rd6+ 36. Kf7 Kf5 37. Bb4 Rh6 38. Ke7 Ke4 39. Kd7 Kxd4 40. Bf8 Rxh5 41. Kxc6 Rg5 42. Kb6 Rg6+ 43. Ka5 Kd5 44. Bb4 Rc6 45. Bc3 Kd6 46. Kb4 Rc8 47. Ka5 Kc6 48. Bd4 Kb7 1/2-1/2

[Event "HUN-chT2 Asztalos 1112"]
[Site "Hungary"]
[Date "2011.10.30"]
[Round "2.1"]
[White "Javor, Sandor"]
[Black "Haszon, David"]
[Result "0-1"]
[WhiteElo "2264"]
[BlackElo "2131"]
[PlyCount "102"]
[EventDate "2011.09.25"]
[EventType "team-tourn"]
[EventRounds "11"]
[EventCountry "HUN"]
[SourceTitle "EXT 2013"]
[Source "ChessBase"]
[SourceDate "2012.11.22"]
[SourceVersion "1"]
[SourceVersionDate "2012.11.22"]
[SourceQuality "1"]
[WhiteTeam "Baja"]
[BlackTeam "Marcali"]
[WhiteTeamCountry "HUN"]
[BlackTeamCountry "HUN"]

1. f4 Nf6 2. Nf3 d5 3. d4 g6 4. e3 Bg7 5. Bd3 0-0 6. Nbd2 b6 7. Qe2 c5 8. c3 Qc7 9. Ne5 Nfd7 10. 0-0 Bb7 11. Rf2 Nc6 12. Ndf3 Ndxe5 13. dxe5 f6 14. e4 dxe4 15. Bxe4 fxe5 16. Qc4+ Kh8 17. Ng5 Na5 18. Qe2 Bxe4 19. Qxe4 Qc6 20. Qe2 h6 21. Ne4 exf4 22. Bxf4 e5 23. Bg3 Rxf2 24. Nxf2 Re8 25. Ne4 Nb7 26. Rd1 Rd8 27. Re1 Qd5 28. Qa6 Nd6 29. Nxd6 Rxd6 30. Qxa7 Re6 31. Qa4 e4 32. Rd1 Qg5 33. Qc4 Qe7 34. Qe2 e3 35. h3 h5 36. Bf4 Re4 37. Bd6 Qe6 38. a3 Bf6 39. Bg3 Be7 40. Rf1 h4 41. Bh2 Kg7 42. Re1 c4 43. Rd1 g5 44. Kh1 g4 45. hxg4 Qxg4 46. Re1 Bc5 47. Bg1 Qxe2 48. Rxe2 Kg6 49. g3 Kf5 50. Kg2 Rg4 51. Bh2 hxg3 0-1

[Event "HUN-chT2 Asztalos 1011"]
[Site "Hungary"]
[Date "2011.05.15"]
[Round "11.2"]
[White "Akots, Gabor"]
[Black "Javor, Sandor"]
[Result "1-0"]
[WhiteElo "2250"]
[BlackElo "2249"]
[PlyCount "23"]
[EventDate "2010.09.12"]
[EventType "team-tourn"]
[EventRounds "11"]
[EventCountry "HUN"]
[SourceTitle "EXT 2012"]
[Source "ChessBase"]
[SourceDate "2011.11.24"]
[SourceVersion "1"]
[SourceVersionDate "2011.11.24"]
[SourceQuality "1"]
[WhiteTeam "Szekesfehervar"]
[BlackTeam "Baja"]
[WhiteTeamCountry "HUN"]
[BlackTeamCountry "HUN"]

1. e4 c6 2. d4 d5 3. Nc3 e6 4. Nf3 b6 5. Bd3 Ba6 6. 0-0 Bxd3 7. Qxd3 dxe4 8. Nxe4 Nf6 9. Nxf6+ Qxf6 10. d5 exd5 11. Re1+ Kd7 12. Bg5 1-0

[Event "HUN-chT2 Asztalos 1011"]
[Site "Hungary"]
[Date "2010.09.12"]
[Round "1.2"]
[White "Javor, Sandor"]
[Black "Illes, Attila"]
[Result "1-0"]
[WhiteElo "2249"]
[BlackElo "1875"]
[PlyCount "47"]
[EventDate "2010.09.12"]
[EventType "team-tourn"]
[EventRounds "11"]
[EventCountry "HUN"]
[SourceTitle "EXT 2012"]
[Source "ChessBase"]
[SourceDate "2011.11.24"]
[SourceVersion "1"]
[SourceVersionDate "2011.11.24"]
[SourceQuality "1"]
[WhiteTeam "Baja"]
[BlackTeam "Kaposvar Bastya"]
[WhiteTeamCountry "HUN"]
[BlackTeamCountry "HUN"]

1. f4 e5 2. e4 d5 3. exd5 e4 4. Nc3 Nf6 5. Qe2 Qe7 6. d3 Bf5 7. dxe4 Nxe4 8. Bd2 Nxd2 9. Kxd2 Qxe2+ 10. Ngxe2 Bc5 11. Ng3 Bg4 12. Re1+ Kd8 13. Nce4 Be7 14. Bd3 h5 15. h3 Bd7 16. Ng5 Bxg5 17. fxg5 h4 18. Ne4 Bf5 19. Rhf1 Bg6 20. Nc5 Bxd3 21. Nxd3 Rf8 22. g6 f6 23. Nc5 Kc8 24. Re7 1-0

[Event "HUN-chT2 Asztalos 0910"]
[Site "Hungary"]
[Date "2010.03.21"]
[Round "8"]
[White "Javor, Sandor"]
[Black "Katai, David"]
[Result "1-0"]
[WhiteElo "2279"]
[BlackElo "2246"]
[PlyCount "75"]
[EventDate "2009.11.08"]
[EventType "team-tourn"]
[EventRounds "11"]
[EventCountry "HUN"]
[SourceTitle "EXT 2011"]
[Source "ChessBase"]
[SourceDate "2010.11.26"]
[SourceVersion "1"]
[SourceVersionDate "2010.11.26"]
[SourceQuality "1"]
[WhiteTeam "Baja"]
[BlackTeam "Szenna Pack"]
[WhiteTeamCountry "HUN"]
[BlackTeamCountry "HUN"]

1. f4 d5 2. Nf3 Nf6 3. e3 e6 4. d4 Be7 5. Bd3 Nbd7 6. Nbd2 c5 7. c3 0-0 8. 0-0 b6 9. Ne5 Bb7 10. Qf3 Ne8 11. g4 f6 12. Qh3 g6 13. Nxg6 hxg6 14. Bxg6 Rf7 15. Bxf7+ Kxf7 16. Qf3 Nd6 17. Rf2 Qh8 18. Rg2 Rg8 19. h3 Ke8 20. Nf1 Ne4 21. Bd2 Kd8 22. Be1 Kc8 23. h4 Nf8 24. Rc1 Ng6 25. h5 Nf8 26. Ng3 Nxg3 27. Bxg3 Ba6 28. Rd1 Qh7 29. f5 Bd8 30. fxe6 Bb7 31. Qf4 Qc7 32. e7 Ne6 33. exd8Q+ Kxd8 34. Qxf6+ Qe7 35. Be5 Ng5 36. Qxe7+ Kxe7 37. Rf1 Ne4 38. h6 1-0

[Event "HUN-chT2 Asztalos 0910"]
[Site "Hungary"]
[Date "2010.02.28"]
[Round "7"]
[White "Zsigmond, Karoly"]
[Black "Javor, Sandor"]
[Result "0-1"]
[WhiteElo "2062"]
[BlackElo "2279"]
[PlyCount "88"]
[EventDate "2009.11.08"]
[EventType "team-tourn"]
[EventRounds "11"]
[EventCountry "HUN"]
[SourceTitle "EXT 2011"]
[Source "ChessBase"]
[SourceDate "2010.11.26"]
[SourceVersion "1"]
[SourceVersionDate "2010.11.26"]
[SourceQuality "1"]
[WhiteTeam "Dunaujvaros"]
[BlackTeam "Baja"]
[WhiteTeamCountry "HUN"]
[BlackTeamCountry "HUN"]

1. e4 d6 2. d4 g6 3. f4 Bg7 4. Nf3 Nd7 5. Bc4 e6 6. 0-0 Nb6 7. Bb3 Ne7 8. c4 0-0 9. Nc3 c6 10. Qe2 d5 11. c5 dxe4 12. Ne5 Nbd5 13. Nxe4 Nf5 14. Rd1 Nxd4 15. Rxd4 Nxf4 16. Rxd8 Nxe2+ 17. Kf2 Rxd8 18. Nxf7 Kxf7 19. Kxe2 Rd5 20. Bxd5 exd5 21. Nd6+ Kg8 22. Nxc8 Rxc8 23. Rb1 b6 24. cxb6 axb6 25. Be3 c5 26. b3 Kf7 27. Rc1 Ke6 28. Kd3 d4 29. Bg5 Kd5 30. a4 h6 31. Bh4 Re8 32. Re1 Be5 33. h3 g5 34. Bf2 b5 35. axb5 Ra8 36. b6 Bd6 37. Re2 Rb8 38. Be1 Rxb6 39. Kc2 Ra6 40. Bd2 Bf4 41. Kb2 Be5 42. Kc2 Bf4 43. Kb1 d3 44. Rf2 Be5 0-1

[Event "HUN-chT2 Asztalos 0910"]
[Site "Hungary"]
[Date "2009.11.22"]
[Round "2"]
[White "Horvath, Viktoria"]
[Black "Javor, Sandor"]
[Result "0-1"]
[WhiteElo "2088"]
[BlackElo "2279"]
[PlyCount "118"]
[EventDate "2009.11.08"]
[EventType "team-tourn"]
[EventRounds "11"]
[EventCountry "HUN"]
[SourceTitle "EXT 2011"]
[Source "ChessBase"]
[SourceDate "2010.11.26"]
[SourceVersion "1"]
[SourceVersionDate "2010.11.26"]
[SourceQuality "1"]
[WhiteTeam "Dombovar"]
[BlackTeam "Baja"]
[WhiteTeamCountry "HUN"]
[BlackTeamCountry "HUN"]

1. e4 c6 2. d4 d5 3. Nc3 e6 4. Nf3 Nf6 5. Bd3 dxe4 6. Nxe4 Nxe4 7. Bxe4 Nd7 8. 0-0 Nf6 9. Bd3 Bd6 10. Ne5 Qc7 11. Re1 b6 12. Bg5 Bb7 13. h3 0-0-0 14. Ng4 h6 15. Bxf6 gxf6 16. Nxf6 Bh2+ 17. Kh1 Rxd4 18. Qe2 Bf4 19. c3 Rdd8 20. Rad1 Qe7 21. Ne4 Kb8 22. a4 Bc7 23. Bc4 Rhg8 24. Rxd8+ Qxd8 25. Rd1 Qh4 26. Bd3 c5 27. f3 Bxe4 28. Bxe4 Qg3 29. f4 Qxf4 30. Kg1 f5 31. Bc6 c4 32. b3 e5 33. Qxc4 Qxc4 34. bxc4 Rg6 35. Bd7 f4 36. Bf5 Rf6 37. Be4 Bd6 38. Rd5 Kc7 39. Rd1 Rf7 40. Rd2 Rg7 41. Rd3 Kd7 42. Kf1 Ke6 43. Kg1 Rc7 44. g3 Rc5 45. Kg2 Ra5 46. Bc6 e4 47. Rd5 f3+ 48. Kf2 Rxd5 49. Bxd5+ Ke5 50. Bc6 Ba3 51. Bd5 Bb2 52. Ke3 Bc1+ 53. Kf2 Bd2 54. Bc6 Bxc3 55. Kf1 Kd4 56. Bd5 Ke3 57. Bc6 Be5 58. g4 Kf4 59. Bd5 e3 0-1

[Event "HUN-chT2 Asztalos 0910"]
[Site "Hungary"]
[Date "2009.11.08"]
[Round "1"]
[White "Javor, Sandor"]
[Black "Konig, Balazs"]
[Result "1-0"]
[WhiteElo "2279"]
[BlackElo "2181"]
[PlyCount "85"]
[EventDate "2009.11.08"]
[EventType "team-tourn"]
[EventRounds "11"]
[EventCountry "HUN"]
[SourceTitle "EXT 2011"]
[Source "ChessBase"]
[SourceDate "2010.11.26"]
[SourceVersion "1"]
[SourceVersionDate "2010.11.26"]
[SourceQuality "1"]
[WhiteTeam "Baja"]
[BlackTeam "Pannonpower II"]
[WhiteTeamCountry "HUN"]
[BlackTeamCountry "HUN"]

1. f4 d5 2. Nf3 Nf6 3. e3 g6 4. d4 Bg7 5. Bd3 0-0 6. 0-0 b6 7. Qe2 Bb7 8. Nbd2 c5 9. c3 Nbd7 10. Ne5 Ne4 11. Qf3 Nd6 12. Nxd7 Qxd7 13. g4 f6 14. f5 e5 15. dxc5 bxc5 16. e4 c4 17. Bc2 d4 18. b3 d3 19. Bd1 gxf5 20. gxf5 Bh6 21. Nxc4 Bxe4 22. Qg3+ Bg7 23. Nxd6 Qxd6 24. Be3 Kh8 25. Bf3 Qc6 26. Bxe4 Qxe4 27. Qf3 Qxf3 28. Rxf3 e4 29. Rh3 Rfe8 30. Kf2 a5 31. Bd4 Re7 32. Ke3 a4 33. b4 Rb8 34. a3 Kg8 35. Rg1 Kf7 36. Rg4 Rb5 37. Rxh7 Kg8 38. Rh5 Kf7 39. c4 Rxf5 40. Rxf5 Bh6+ 41. Rgf4 Re6 42. Bxf6 Kg6 43. c5 1-0

[Event "Paks op-A"]
[Site "Paks"]
[Date "2009.10.03"]
[Round "6"]
[White "Javor, Sandor"]
[Black "Szurovszky, Elek"]
[Result "0-1"]
[WhiteElo "2273"]
[BlackElo "2097"]
[PlyCount "52"]
[EventDate "2009.09.30"]
[EventType "swiss"]
[EventRounds "7"]
[EventCountry "HUN"]
[SourceTitle "EXT 2011"]
[Source "ChessBase"]
[SourceDate "2010.11.26"]
[SourceVersion "1"]
[SourceVersionDate "2010.11.26"]
[SourceQuality "1"]

1. f4 b6 2. Nf3 Bb7 3. e3 Nf6 4. d4 e6 5. Bd3 Be7 6. Nbd2 Nd5 7. Qe2 Nb4 8. c3 Nxd3+ 9. Qxd3 Ba6 10. Qc2 0-0 11. b3 d5 12. Bb2 c5 13. c4 Nc6 14. 0-0 dxc4 15. Nxc4 cxd4 16. Nxd4 Nxd4 17. Bxd4 Rc8 18. Qb2 Bxc4 19. bxc4 f6 20. a4 Rxc4 21. a5 Bc5 22. Bxc5 Rxc5 23. axb6 Qxb6 24. Qxb6 axb6 25. Ra7 Rd8 26. Rb7 Rc2 0-1